Pobreza y políticas públicas: discursos y prácticas /

El presente artículo pretende debatir acerca de cuáles son y cómo se garantizan las condiciones básicas para la existencia autónoma de las personas en la sociedad. Para ello se analizan algunos casos empíricos identificando las distintas acciones implementadas en el marco de políticas públicas resul...

Mô tả đầy đủ

Đã lưu trong:
Chi tiết về thư mục
Tác giả chính: Foio, María del Socorro
Tác giả khác: Pérez Rubio, Ana María
Định dạng: Texto
Những chủ đề:
Các nhãn: Thêm thẻ
Không có thẻ, Là người đầu tiên thẻ bản ghi này!

MARC

LEADER 00000 a a2200000 04500
001 44672
003
040
100 |a Foio, María del Socorro  
245 |a Pobreza y políticas públicas:   |b discursos y prácticas /  |c María del Socorro Foio y Ana María Pérez Rubio  
520 |a El presente artículo pretende debatir acerca de cuáles son y cómo se garantizan las condiciones básicas para la existencia autónoma de las personas en la sociedad. Para ello se analizan algunos casos empíricos identificando las distintas acciones implementadas en el marco de políticas públicas resultantes del empobrecimiento general que tuvo lugar en Argentina desde los años noventa.  
590 |a RRH/ENERO2014  
650 |a 1.POBREZA  
650 |a 2.POLITICA SOCIAL  
650 |a 3.ESTADO  
650 |a 4.NEOLIBERALISMO  
650 |a 5.DESARROLLO ECONOMICO Y SOCIAL  
650 |a 6.ARGENTINA  
700 |a Pérez Rubio, Ana María  
773 |g páginas 189-215  
999 |c 34165  |d 34165